Countries by First and Last Letter: with Trick Questions - Statistics

General Stats
  • This quiz has been taken 525 times
  • The average score is 10 of 24
Answer Stats
FIRST AND LAST LETTER COUNTRY % Correct
U_a Uganda . 30
91%
Z_a Zambia . 40
84%
U_y Uruguay . 2
75%
V_m Vietnam . 3
72%
D_i Djibouti . 10
70%
N_l Nepal . 30
59%
B_h Bangladesh . 1
56%
M_r Madagascar . 40
55%
G_n Gabon . 2
54%
U_n Uzbekistan . 30
54%
V_y Vatican City . 10
50%
N_y Norway . 30
47%
D_a Dominica . 40
41%
G_u Guinea-Bissau . 20
38%
P_n Pakistan . 20
34%
D_o Democratic Republic of the Congo . 3
32%
F_a Federated States of Micronesia . 2
30%
B_o Burkina Faso . 2
26%
M_e Mozambique . 10
26%
R_o Republic of the Congo . 3
21%
P_r WELL DONE!
2%
A_e WELL DONE!
1%
O_a WELL DONE!
1%
H_a WELL DONE!
1%
No matching quizzes found
Score Distribution
Percent of People with Each Score
Percentile by Number Answered
Your Score History
You have not taken this quiz